Tự học Javaserver pages trong 24 giờ

Saved in:
Bibliographic Details
Main Author: Thuận Thành
Format: Book
Language:Undetermined
Published: Thành phố Hồ Chí Minh Thành Nghĩa 2004
Subjects:
Tags: Add Tag
No Tags, Be the first to tag this record!
Institutions: Trung tâm Học liệu Trường Đại học Cần Thơ
LEADER 00556nam a2200193Ia 4500
001 CTU_74512
008 210402s9999 xx 000 0 und d
020 |c 74000 
082 |a 005.269 
082 |b Th502 
100 |a Thuận Thành 
245 0 |a Tự học Javaserver pages trong 24 giờ 
245 0 |c Thuận Thành 
260 |a Thành phố Hồ Chí Minh 
260 |b Thành Nghĩa 
260 |c 2004 
650 |a Java (computer program language) 
904 |i Minh 
980 |a Trung tâm Học liệu Trường Đại học Cần Thơ